000 00450nam a2200181Ia 4500
001 24817
005 20260414151108.0
008 260414t2011||||xx |||||||||||||| ||spa||
041 _aESP
082 _a346
_bC265
100 _aConte-Grand, Julio
_eAUT
245 0 _aEstudios de derecho civil con motivo del bicentenario
_b
260 _c2011
300 _a701 páginas :
_c23 cm.
650 _aDER
654 _aCDE
942 _cLIB
_dJUS
_fJUS
_2ddc
_n
999 _c24817
_d24817